| 000 | 00976nam0a2200325 4500 | ||
|---|---|---|---|
| 001 | RU\NLR\BIBL_A\016212728 | ||
| 005 | 20250624234441.0 | ||
| 010 | _a978-5-17-151612-3 | ||
| 021 |
_aRU _b2022-72355 _9КН-П-6295 |
||
| 035 | _a(NLR Aleph) 016212728 | ||
| 090 |
_a12712434 _c12712434 |
||
| 100 | _a20221118d2022 |||y0rusy50 ca | ||
| 101 | 0 | _arus | |
| 102 | _aRU | ||
| 105 | _ay w 000zy | ||
| 181 | 0 |
_ai _baxxe |
|
| 182 | 0 | _an | |
| 200 | 1 |
_aБиблия _iВетхий завет |
|
| 203 |
_aТекст _bвизуальный _cнепосредственный |
||
| 210 |
_aМосква _cАСТ _d2022 |
||
| 215 |
_a1374, [1] c. _d17 |
||
| 225 | 1 | _aПравославное чтение (мал.) | |
| 333 | _a0+ | ||
| 605 |
_aБиблия _iВетхий Завет _91024157 _3RU\NLR\AUTH\6674151 |
||
| 686 | 1 | _aЭ37-210.1 | |
| 942 | _cBOOK | ||
| 980 | _aNB | ||
| 980 | 4 | _aVNP_SKP | |